UM Logo

Crossing the boundaries of time/ (Record no. 10640)

MARC details
000 -LEADER
fixed length control field 00575nam a2200157 4500
008 - FIXED-LENGTH DATA ELEMENTS--GENERAL INFORMATION
fixed length control field 180912b ||||| |||| 00| 0 eng d
022 ## - INTERNATIONAL STANDARD SERIAL NUMBER
International Standard Serial Number 2094-8042
082 ## - DEWEY DECIMAL CLASSIFICATION NUMBER
Classification number DPer 370.105 M72 Jan-Dec 2011 v59-60
100 ## - MAIN ENTRY--PERSONAL NAME
9 (RLIN) 31091
Personal name Eduardo, Ericson J.
245 ## - TITLE STATEMENT
Title Crossing the boundaries of time/
Statement of responsibility, etc. Ericson J. Eduardo and Sarah Jane R. Vergara.
260 ## - PUBLICATION, DISTRIBUTION, ETC. (IMPRINT)
Place of publication, distribution, etc. Philippines:
Name of publisher, distributor, etc. In the Grade School, Inc.,
Date of publication, distribution, etc. c2011.
300 ## - PHYSICAL DESCRIPTION
Extent v60 n4, pages 140-144:
Other physical details illustrations;
Dimensions 227cm.
650 #0 - SUBJECT ADDED ENTRY--TOPICAL TERM
9 (RLIN) 31092
Topical term or geographic name as entry element Education.
700 ## - ADDED ENTRY--PERSONAL NAME
Personal name Vergara, Sarah Jane R.
Relator term Author.
9 (RLIN) 36716
942 ## - ADDED ENTRY ELEMENTS (KOHA)
Source of classification or shelving scheme Dewey Decimal Classification
Koha item type Periodicals
Holdings
Withdrawn status Lost status Source of classification or shelving scheme Damaged status Not for loan Collection code Home library Current library Date acquired Total Checkouts Full call number Date last seen Price effective from Koha item type Public note
    Dewey Decimal Classification     Periodicals UM Digos College - LIC UM Digos College - LIC 09/12/2018   DPer 370.105 M72 Jan-Dec 2011 v. 59-60 09/12/2018 09/12/2018 Periodicals Periodical article